000 00922nam a2200265Ia 4500
003 OSt
005 20221005110807.0
006 a|||||r|||| 00| 0
007 ta
008 221004b |||||||| |||| 00| 0 hin d
020 _a9788126710331 (hbk)
_c300
024 _a24413
037 _b7328, 07/01/2016, Rajkamal Prakashan Pvt. Ltd.
_cTextual
040 _aCRL
_cCRL
_bhin
041 _2hin
_ahin
082 _aO152,3N57,PA, P5
100 _aकॉंकरिया, मधु
245 0 _aपत्ताखोर
246 _aPattākhora
260 _aनई दिल्ली
_bराजकमल प्रकाशन भारत
_c2012
300 _a211पृ0
_ccm.
650 _aहिन्दी साहित्य
942 _hO152,3N57,PA, P5
_cTEXL
_2cc
999 _c1019913
_d1019913